000 00431nam a2200157 a 4500
005 20140414131923.0
008 101026s19uu xx 00 eng d
050 _aM 362.4
_bT36 2001
100 _aThomas, Pat
245 _aDon't call me special :
_ba first look at disability.
260 _aLondon :
_bHodder Wayland,
_c2001.
440 _aA first look at
650 _aHandicapped
650 _aSpecial child
999 _c111889
_d111889